London Football Clubs - Sudden Death - Statistics

General Stats
  • This quiz has been taken 1,855 times
  • The average score is 8 of 15
Answers on the Grid
Answers color-coded by a green-red scale on the quiz's grid according to % correct below.
AFC Wimbledon
Arsenal
Aston Villa
Barnet
Blackburn Rovers
Brentford
Bromley
Burnley
Burton Albion
Charlton Athletic
Chelsea
Crystal Palace
Derby County
Everton
Fulham
Leicester City
Leyton Orient
Mansfield Town
Millwall
MK Dons
Oldham Athletic
Queens Park Rangers
Salford City
Shrewsbury Town
Southampton
Stevenage
Sutton United
Tottenham Hotspur
Walsall
West Bromwich Albion
West Ham United
Wolverhampton Wanderers
Wrexham A
 
Answer Stats
Answer % Correct
Arsenal
97%
Chelsea
80%
Tottenham Hotspur
72%
Crystal Palace
71%
Fulham
69%
West Ham United
68%
AFC Wimbledon
60%
Brentford
57%
Queens Park Rangers
55%
Millwall
51%
Charlton Athletic
42%
Leyton Orient
38%
Barnet
32%
Bromley
30%
Sutton United
20%
No matching quizzes found
Score Distribution
Percent of People with Each Score
Percentile by Number Answered
Your Score History
You have not taken this quiz